|
|
|
|
| LEADER |
01162nam a2200301 4500 |
| 001 |
41130 |
| 003 |
BD-DhAAL |
| 005 |
20230416142108.0 |
| 008 |
230416t1970 ilua b 000 0 eng d |
| 010 |
|
|
|a 78111980
|
| 020 |
|
|
|a 0841020124
|
| 040 |
|
|
|a DLC
|c DLC
|d DLC
|d BD-DhAAL
|
| 050 |
0 |
0 |
|a HB171.5
|b .B6936
|
| 082 |
0 |
0 |
|a 338.5
|
| 100 |
1 |
|
|a Bowles, Samuel.
|9 54063
|
| 245 |
1 |
0 |
|a Notes and problems in microeconomic theory /
|c Samuel Bowles and David Kendrick, in collaboration with Lance Taylor and Marc Roberts.
|
| 260 |
|
|
|a Chicago :
|b Markham Publishing Company,
|c c1970.
|
| 300 |
|
|
|a xi, 200 pages :
|b illustrations ;
|c 23 cm.
|
| 490 |
0 |
|
|a Markham economic series
|
| 504 |
|
|
|a Includes bibliographical references.
|
| 541 |
|
|
|a Donated By Akbar Ali Khan
|e 41130
|
| 650 |
|
0 |
|a Microeconomics.
|
| 650 |
|
0 |
|a Economics.
|
| 700 |
1 |
|
|a Kendrick, David A.,
|e joint author.
|9 54064
|
| 852 |
|
|
|a Ayesha Abed Library
|c Akbar Ali Khan Collection
|
| 942 |
|
|
|2 ddc
|c BK
|
| 999 |
|
|
|c 45679
|d 45679
|
| 952 |
|
|
|0 0
|1 0
|2 ddc
|4 0
|6 338_500000000000000_BOW
|7 1
|9 73557
|a BRACUL
|b BRACUL
|c AAKC
|d 2023-04-16
|e Donated By Akbar Ali Khan
|l 0
|o 338.5 BOW
|p 3010041130
|r 2023-04-16
|t 1
|w 2023-04-16
|y BK
|